01129njm a2200253Ia 450000100060000000300090000600500170001500800410003204000130007304000130008610000190009910000180011810000380013624500240017425000110019826000120020926000560022130000170027730000300029450000230032450504060034765000590075370000630081272323IT-RoPAU20220918181127.0131025s9999 xx 000 0 und d aIT-RoPAU cIT-RoPAU aBilinski Marek eAutore musica gCodice autore musica SPICS: 25086 aUcieczka Do Tropiku a1a ed. aPOLONIA bPOLTONc1987 [1a Ed.:1987 - Ed. Lingua Orig.: 1987] aMUSICASSETTA c44 minuti (Testo: 0 pag.) aMusica elettronica aDom W Dolinie Mgiel (La casa nella valle della nebbia) - Bulwary Nad Rzeka Wspomnien - Stare, Dobre Czasy (Vecchi bei tempi) - Fontanna Radosci (Fontana della gioia) - Ucieczka Z Tropiku (La fuga tropicale) - Przyjaciel Wesolego Diabla (L'amico del diavolo felice) - Gorace Lato (L'estate calda) - Porachunki Z Blizniakami (Conti con i gemelli) - Taniec W Zaczarowanym Gaju (La danza nel bosco magico) aMUSICA ELETTRON [CASSETTE]eCodice MATERIA SPICS: 9951 aBilinski MarekgCodice interprete SPICS: 25086eInterprete